00631cam a2200217ua 4500001000500000005001700005008003900022020002200061040000900083082001000092245004000102250000900142260004400151300001800195653002200213653002700235700002400262942000700286999001300293952010700306108120260515113256.0110428n ii |||gr||||Z||||||eng a978-81-237-5188-7 cMAIN a320.81 aPanchayat raj in indiacby M. Aslam a1st. aNew Delhi:bNational book trust,c2007. ax, 217p.:0cm. aPolitical science aPanchayat raj in India aAslam, M.,eAuthor. cBK c997d997 00104070aMAINbMAINcGENd2020-09-19l0o320.8 | ASLp17842r2020-09-19 00:00:00t1w2020-09-19yBK